00495pab a2200169 454500008004000000100001800040245005800058260000900116300001300125362000800138650002200146773001600168908000600184909001100190999001900201952010500220180718b2014 xxu||||| |||| 00| 0 eng d aSingh, Ranbir aSaansad Adarsh Gram Yojana, can it be a game changer? c2014 ap.44-45. aNov aRural development aKurukshetra aN a106651 c106646d106646 00104070aIIPAbIIPAd2018-07-19hVolume no: 63, Issue no: 1pAR107111r2018-07-19w2018-07-19yAR